000 00363nam a2200145Ia 4500
008 230917s9999||||xx |||||||||||||| ||und||
040 _e80824
_aMAIN
041 _aEnglish
082 _a342.7 J151E
100 _aJacobs, F G, ed
245 0 _aEuropean law and the individual
260 _aAmsterdam
_bNorth-Holland
_c1976
300 _axi, 211 p.
942 _cBK
999 _c198297
_d198297